00836cam a22002414a 45000010009000000050017000090080041000260100017000670200018000840200015001020400018001170500022001350820014001572450117001712500012002882600047003003000035003475040051003826500016004337000028004497000034004778560083005111530192320170105102922.0080522s2009 maub b 001 0 eng  a 2008022185 a9780205608119 a0205608116 aDLCcDLCdDLC00aPN4775b.G56 200900a070.422200aGlobal journalism :btopical issues and media systems /cedited by Arnold S. de Beer, preface byJohn C. Merrill. a5th ed. aBoston :bPearson, Allyn and Bacon,c2009. axxii, 482 p. :bmaps ;c24 cm. aIncludes bibliographical references and index. 0aJournalism.1 aDe Beer, A. S.q(Arrie)1 aMerrill, John Calhoun,d1924-413Table of contents onlyuhttp://www.loc.gov/catdir/toc/ecip0818/2008022185.html